000 00627 a2200193 4500
999 _c26536
_d26536
008 230628b ||||| |||| 00| 0 eng d
020 _a9789354495106
_cRs.825.00
041 0 _aeng
082 0 0 _a658.45
_bB783
100 _aBovee, Courtland L.
_95264
245 _aBusiness Communication Today /
_cCourtland L. Bovee, John V. Thill, and Roshan Lal Raina
250 _a15th ed.
260 _aNoida :
_bPearson india education services pvt. ltd.,
_c2023.
300 _axiv, 713 p. :
_bill. ;
_c25 cm.
650 0 _aBusiness Communication
700 _95265
_aThill, John V.
700 _95266
_aRaina, R. L.
942 _2ddc
_cBK